• 首页
  • 本馆介绍
  • 公告通知
  • 最新文献
  • 馆藏检索
  • 电子资源
  • 读者导购
  • 参考咨询
  • 我的图书馆
  • 登录
  • 详细信息显示
  • 放入我的书架
  • 预约/预借图书
  • 作者相关作品
  • 分类相关作品
  • 丛书相关作品
  • 出版社相关作品

书目信息

  • 表格格式
  • 工作单格式
  • 卡片格式
题名:
暗逻辑
    
 
作者: 张鸣, 著
分册:  
出版信息: 北京   九州出版社  2018
页数: 295页
开本: 24cm
丛书名:
单 册:
中图分类: K207-53 , I267.1
科图分类:
主题词: 中国历史--Zhong Guo Li Shi--研究--文集 , 随笔集--sui bi ji--中国--当代
电子资源:
ISBN: 978-7-5108-6150-5
000 01037cam0 2200277 450
001 012001008313
005 20130122144441.0
010    @a978-7-5108-6150-5@dCNY42.00
099    @aCAL 012018020791
100    @a20180111d2018 em y0chiy50 ea
101 0  @achi
102    @aCN@b110000
105    @ay z 000cy
106    @ar
200 1  @a暗逻辑@Aan luo ji@e张鸣说历史背后的细节@f张鸣著
210    @a北京@c九州出版社@d2018
215    @a295页@d24cm
330    @a本书是著名历史作家张鸣的又一部历史随笔, 由几十篇一两千字的短文组成, 语言诙谐幽默。内容也是作者擅长的近代史领域, 充满妙趣横生的历史细节, 同时穿插一些有关其他朝代的历史随笔, 展现的是历史的严肃与活泼、厚重与轻松并存的立体形象。
517 1  @a张鸣说历史背后的细节@Azhang ming shuo li shi bei hou de xi jie
606 0  @a中国历史@AZhong Guo Li Shi@x研究@j文集
606 0  @a随笔集@Asui bi ji@y中国@z当代
690    @aK207-53@v5
690    @aI267.1@v5
701  0 @a张鸣,@Azhang ming@f1957-@4著
801  2 @aCN@b上海新华@c20191020
905    @b1134693-6@dK207-53@e150@f4
    
    暗逻辑:张鸣说历史背后的细节/张鸣著.-北京:九州出版社,2018
    295页;24cm
    
    
    ISBN 978-7-5108-6150-5:CNY42.00
    本书是著名历史作家张鸣的又一部历史随笔, 由几十篇一两千字的短文组成, 语言诙谐幽默。内容也是作者擅长的近代史领域, 充满妙趣横生的历史细节, 同时穿插一些有关其他朝代的历史随笔, 展现的是历史的严肃与活泼、厚重与轻松并存的立体形象。
●
相关链接 在E读中查询图书 在五车中查询图书 在当当中查询图书 在豆瓣中查询图书


正题名:暗逻辑     索取号:K207-53/150         预约/预借

序号 登录号 条形码 馆藏地/架位号 状态 备注
1 1134693   211346934   第二样本阅览室/ [索取号:K207-53/150] 在馆    
2 1134694   211346943   第二借阅区/ [索取号:K207-53/150] 在馆    
3 1134695   211346952   第二借阅区/ [索取号:K207-53/150] 在馆    
4 1134696   211346961   第二借阅区/ [索取号:K207-53/150] 在馆    
唐山师范学院图书馆 欢迎您!
大连网信软件有限公司© 版权所有